Kardhina;inte Kamikhi / (Record no. 3644)
[ view plain ]
| 000 -LEADER | |
|---|---|
| fixed length control field | 00424cam a2200181ua 4500 |
| 041 ## - LANGUAGE CODE | |
| Language code of text/sound track or separate title | mal |
| 082 ## - DEWEY DECIMAL CLASSIFICATION NUMBER | |
| Classification number | 894.812308 |
| Item number | MUS/KA |
| 100 ## - MAIN ENTRY--AUTHOR NAME | |
| Personal name | Mussolini, . |
| 245 ## - TITLE STATEMENT | |
| Title | Kardhina;inte Kamikhi / |
| 250 ## - EDITION STATEMENT | |
| Edition statement | 1 / |
| 260 ## - PUBLICATION, DISTRIBUTION, ETC. (IMPRINT) | |
| Place of publication | Calicut : |
| Name of publisher | P.K Brothers , |
| Year of publication | 1962. |
| 300 ## - PHYSICAL DESCRIPTION | |
| Number of Pages | 298 ; . |
| 942 ## - ADDED ENTRY ELEMENTS (KOHA) | |
| Koha item type | Books |
| Withdrawn status | Lost status | Damaged status | Home library | Current library | Date acquired | Full call number | Accession Number | Koha item type |
|---|---|---|---|---|---|---|---|---|
| Withdrawn | KAUAET | Sanskrit University | 07/04/2012 | 894.812308 | 1294 | Books |
